000 00529nam a2200193Ia 4500
008 151119s9999||||xx |||||||||||||| ||und||
082 _a891.46308
082 _bGKKV20033
100 _aऔरंगाबादकर अनुराधा
245 _aबहर
260 _a--
260 _b--
260 _c1992
600 _aऔरंगाबादकर अनुराधा
630 _aबहर
700 _aऔरंगाबादकर अनुराधा
730 _aबहर
942 _cBOOK
999 _c1072936
_d1072933